Anales del Instituto Belgraniano Central /
Guardado en:
| Nuevo Título: | Anales del Instituto Nacional Belgraniano |
|---|---|
| Autor Corporativo: | |
| Formato: | Revista |
| Idioma: | Spanish |
| Publicado: |
Buenos Aires :
Instituto Belgraniano Central,
1979.
|
| Materias: | |
| Etiquetas: |
Agregar Etiqueta
Sin Etiquetas, Sea el primero en etiquetar este registro!
|
| LEADER | 00736nas a2200193 4500 | ||
|---|---|---|---|
| 001 | CARPC.004293 | ||
| 005 | 20080606161600.0 | ||
| 008 | 051024u1979####ag#a|#p#######0###b0spa|| | ||
| 210 | 0 | |a Anales del Instituto Belgraniano Central | |
| 245 | 0 | 0 | |a Anales del Instituto Belgraniano Central / |c Instituto Belgraniano Central. |
| 246 | 3 | |a Instituto Belgraniano Central (Buenos Aires, Argentina) | |
| 260 | |a Buenos Aires : |b Instituto Belgraniano Central, |c 1979. | ||
| 310 | |a Anual. | ||
| 362 | 0 | |a No. 1 (1979). | |
| 710 | 2 | |a Instituto Belgraniano Central | |
| 785 | 0 | 0 | |t Anales del Instituto Nacional Belgraniano |
| 653 | |a Historia argentina | ||
| 110 | ^ | i | |t 201011021344 |x 1288716252 |
| 866 | |9 EHU |a 1979-1980 1-2; 1984-2000 6-9; 2008-2009 12-13 |s 982/An13-1 | ||
